Kaká - Statistics

Estatísticas Gerais
  • Esse quiz foi jogado 93 vezes
  • A pontuação média é 7 de 7
Estatísticas das Respostas
Anos Clubes % Correto
2003-2009 Milan
100%
2013-2014 Milan
100%
(Seleção)2002-2016 Brasil
99%
2001-2003 São Paulo
96%
2014(emp.) São Paulo
96%
2009-2013 Real Madrid
95%
2014-2017 Orlando City
76%
Nenhum quiz correspondente encontrado
Distribuição das Pontuações
Porcentagem de Pessoas com Cada Pontuação
Percentil de Números Respondidos
Sua Pontuação Histórica
Você não jogou esse quiz